[Event "New Delhi Parsvnath op 8th"]
[Site "New Delhi"]
[Date "2010.01.14"]
[Round "2"]
[White "Santu, Mondal"]
[Black "Barua, Dibyendu"]
[Result "0-1"]
[WhiteElo "2195"]
[BlackElo "2493"]
[PlyCount "128"]
[EventDate "2010.01.14"]
[EventType "swiss"]
[EventRounds "11"]
[EventCountry "IND"]
[SourceTitle "CBM 134 Extra"]
[Source "ChessBase"]
[SourceDate "2010.03.03"]
[SourceVersion "1"]
[SourceVersionDate "2010.03.03"]
[SourceQuality "1"]

1. d4 d5 2. Nf3 c6 3. c4 e6 4. Nbd2 f5 5. g3 Nd7 6. Bg2 Bd6 7. Qc2 Ngf6 8. cxd5 cxd5 9. 0-0 0-0 10. Nb3 Ne4 11. Bf4 Ndf6 12. Bxd6 Nxd6 13. Ne5 b6 14. Nc1 Ba6 15. b3 Rc8 16. Qb2 Qc7 17. Ncd3 Bxd3 18. Nxd3 Qc2 19. Rfc1 Qxb2 20. Nxb2 Nb5 21. e3 Na3 22. Bf1 Nc2 23. Ba6 Rc7 24. Nd3 Rff7 25. Rab1 Ne4 26. Nf4 Rfe7 27. Bd3 Nd2 28. Rb2 Nf3+ 29. Kh1 Nb4 30. Rd1 g5 31. Kg2 Nxd4 32. Nxd5 Nxd5 33. exd4 Kf7 34. Bc4 Rcd7 35. Rc2 Nc7 36. Rcd2 b5 37. Be2 Rd6 38. Rc2 a6 39. Rdc1 Nd5 40. Bh5+ Kf6 41. Rc8 g4 42. h4 Kg7 43. Be8 Nf6 44. Bc6 Rxd4 45. Ba8 Rd2 46. a4 bxa4 47. bxa4 e5 48. R8c7 Kf7 49. Kf1 e4 50. Bb7 e3 51. fxe3 Nh5 52. Rxe7+ Kxe7 53. Bxa6 Nxg3+ 54. Kg1 Kd6 55. Bf1 Ra2 56. Bb5 Ke5 57. Rc7 Ke4 58. Re7+ Kf3 59. Bc6+ Ne4 60. Bxe4+ fxe4 61. Rf7+ Kg3 62. h5 Ra1+ 63. Rf1 Rxf1+ 64. Kxf1 Kh2 0-1